The Commonwealth Relations Office list 1953 / (Record no. 41878)
[ view plain ]
| 000 -LEADER | |
|---|---|
| fixed length control field | 02125nam a2200397 a 4500 |
| 001 - CONTROL NUMBER | |
| control field | 41878 |
| 003 - CONTROL NUMBER IDENTIFIER | |
| rucl marc code | BD-RjUL |
| 005 - DATE AND TIME OF LATEST TRANSACTION | |
| control field | 20211209053450.0 |
| 008 - FIXED-LENGTH DATA ELEMENTS--GENERAL INFORMATION | |
| fixed length control field | 160607d19511965enkar p f0 a0eng c |
| 035 ## - SYSTEM CONTROL NUMBER | |
| System control number | (BD-RjUL)41996 |
| 040 ## - CATALOGING SOURCE | |
| Original cataloging agency | MUL |
| Language of cataloging | eng |
| Transcribing agency | MUL |
| Modifying agency | BD-RjUL |
| 041 ## - LANGUAGE CODE | |
| Language code of text/sound track or separate title | eng |
| 082 00 - DEWEY DECIMAL CLASSIFICATION NUMBER | |
| Classification number | 354.42 |
| Edition number | 19 |
| Author mark and year | COM 1953 |
| 110 1# - MAIN ENTRY--CORPORATE NAME | |
| Corporate name or jurisdiction name as entry element | Great Britain. |
| Subordinate unit | Office of Commonwealth Relations. |
| 9 (RLIN) | 128677 |
| 245 14 - TITLE STATEMENT | |
| Title | The Commonwealth Relations Office list 1953 / |
| Statement of responsibility, etc. | TheBritish Council |
| 260 ## - PUBLICATION, DISTRIBUTION, ETC. (IMPRINT) | |
| Place of publication, distribution, etc. | London : |
| Name of publisher, distributor, etc. | H.M.S.O., |
| Date of publication, distribution, etc. | 1953 |
| 300 ## - PHYSICAL DESCRIPTION | |
| Pagination | 252 p.; |
| Size | 21cm. |
| 515 ## - NUMBERING PECULIARITIES NOTE | |
| Numbering peculiarities note | Vol. for 1954 not published. |
| 580 ## - LINKING ENTRY COMPLEXITY NOTE | |
| Linking entry complexity note | Formed by the union of: Great Britain. India Office. India Office and Burma Office list for ... ; and: Great Britain. Office of Commonwealth Relations. Dominions Office and Colonial Office list for ... |
| Linking entry complexity note | Split into: Great Britain. Office of Commonwealth Relations. Commonwealth Relations Office year book; and: Great Britain. Diplomatic Service Administration Office. Diplomatic Service List. |
| 650 #7 - SUBJECT ADDED ENTRY--TOPICAL TERM | |
| Topical term or geographic name as entry element | Politics and government. |
| Source of heading or term | fast |
| 9 (RLIN) | 128678 |
| 651 #0 - SUBJECT ADDED ENTRY--GEOGRAPHIC NAME | |
| Geographic name | Great Britain |
| General subdivision | Politics and government |
| Form subdivision | Handbooks, manuals, etc. |
| 9 (RLIN) | 128679 |
| Geographic name | Great Britain |
| Form subdivision | Registers. |
| 9 (RLIN) | 128680 |
| Geographic name | Commonwealth countries |
| Form subdivision | Handbooks, manuals, etc. |
| 9 (RLIN) | 128681 |
| Geographic name | Commonwealth countries. |
| Source of heading or term | fast |
| 9 (RLIN) | 128682 |
| Geographic name | Great Britain. |
| Source of heading or term | fast |
| 9 (RLIN) | 128683 |
| 780 14 - PRECEDING ENTRY | |
| Main entry heading | Great Britain. India Office. |
| Title | India Office and Burma Office list for ... |
| Record control number | (DLC)sn 77011685 |
| -- | (OCoLC)1588152 |
| Main entry heading | Great Britain. Office of Commonwealth Relations. |
| Title | Dominions Office and Colonial Office list for ... |
| Record control number | (DLC)sn 84032321 |
| -- | (OCoLC)5198244 |
| 785 16 - SUCCEEDING ENTRY | |
| Main entry heading | Great Britain. Office of Commonwealth Relations. |
| Title | Commonwealth Relations Office year book |
| International Standard Serial Number | 0588-7860 |
| Record control number | (DLC) 51030109 |
| -- | (OCoLC)1624409 |
| Main entry heading | Great Britain. Diplomatic Service Administration Office. |
| Title | Diplomatic Service list |
| International Standard Serial Number | 0419-1714 |
| Record control number | (DLC) 66004595 |
| -- | (OCoLC)1566667 |
| 942 ## - ADDED ENTRY ELEMENTS (KOHA) | |
| Source of classification or shelving scheme | Dewey Decimal Classification |
| Koha item type | Books |
| Lost status | Source of classification or shelving scheme | Damaged status | Not for loan | Collection code | Permanent Location | Current Location | Shelving location | Date acquired | Source of acquisition | Total Checkouts | Full call number | Date last seen | Copy number | Koha item type |
|---|---|---|---|---|---|---|---|---|---|---|---|---|---|---|
| Dewey Decimal Classification | Non-fiction | Central Library, University of Rajshahi | Central Library, University of Rajshahi | 06/06/1954 | Britain Gift | 354.42 COM 1953 | 07/06/2016 | C-2 | Books | |||||
| Dewey Decimal Classification | Non-fiction | Central Library, University of Rajshahi | Central Library, University of Rajshahi | 06/06/1954 | Britain Gift | 354.42 COM 1953 | 07/06/2016 | C-3 | Books |